[Event "Runwal Memorial op U15 Girls 29th"]
[Site "Mumbai"]
[Date "2012.09.25"]
[Round "9"]
[White "Gangamma, BN."]
[Black "Meghna, CH."]
[Result "0-1"]
[WhiteElo "1692"]
[BlackElo "1779"]
[PlyCount "64"]
[EventDate "2012.09.18"]
[EventType "swiss"]
[EventRounds "11"]
[EventCountry "IND"]
[SourceTitle "EXT 2013"]
[Source "ChessBase"]
[SourceDate "2012.11.22"]
[SourceVersion "1"]
[SourceVersionDate "2012.11.22"]
[SourceQuality "1"]

1. e4 e6 2. d4 d5 3. exd5 exd5 4. Bd3 Bd6 5. Nf3 Ne7 6. 0-0 Bg4 7. c3 Nbc6 8. Nbd2 Qd7 9. Re1 f6 10. Qc2 0-0-0 11. b4 Rde8 12. Bb2 g5 13. a4 h5 14. a5 h4 15. b5 Nd8 16. c4 dxc4 17. Bxc4 Bf5 18. Ne4 g4 19. Nfd2 g3 20. Nf1 gxh2+ 21. Kh1 h3 22. g3 Bxe4+ 23. Rxe4 f5 24. Re3 f4 25. Rf3 Rhf8 26. Qb3 fxg3 27. fxg3 Qg4 28. Be2 Nf5 29. Bd1 Re1 30. Kxh2 Nxg3 31. Nxg3 Bxg3+ 32. Rxg3 Rf2+ 0-1